Statistics for Things that are Flat

Click here to take the quiz!

General Stats

  • This quiz has been taken 30 times
  • The average score is 8 of 19

Answer Stats

ClueAnswer% Correct
Better get the spare...flat tire
86%
Fartsflatulence
71%
Superseded cathode ray tube televisionsflat screen
57%
Not having a big bellyflat stomach
57%
to lavish with praiseflatter
57%
Haircut or grill at McDonaldsflat top
57%
Screwdriverflat head
50%
Espresso coffee drink similar to a latteFlat white
50%
Conspiracy theoryFlat Earth
46%
Goal of social distancing, mask-wearing, etc.flatten the curve
46%
Way to raise government revenue promoted by some conservativesflat tax
43%
Being unpreparedBeing caught {flat}-{footed}
36%
Utah area where land-speed records were setBonneville {Salt} {Flats}
36%
Triangular building in ManhattanFlatiron Building
29%
Children's character who was smashed by a bulletin boardFlat Stanley
25%
Calm seas with no wavesflat water
25%
A railway carriage with no sidesflatcar
21%
Members of the phylum Platyhelminthesflatworms
21%
Bret Harte story set in California"The Outcasts of Poker Flat"
0%

Score Distribution

Percentile by Number Answered

Percent of People with Each Score

Your Score History

You have not taken this quiz